[Event "Tradewise Gibraltar 2016 - Chalengers A"]
[Site "Gibraltar ENG"]
[Date "2016.01.27"]
[Round "3.26"]
[White "Tranter, Stephen"]
[Black "Kozarcanin, Sead"]
[Result "0-1"]
[WhiteElo "1952"]
[BlackElo "2073"]
[PlyCount "69"]
[EventDate "2016.01.25"]
[EventType "swiss"]
[EventRounds "5"]
[EventCountry "ENG"]
[Source "lmi"]
[SourceDate "2016.01.25"]

1. e4 e5 2. Nf3 Nc6 3. Bb5 g6 4. d4 exd4 5. Bg5 Be7 6. Bxe7 Ngxe7 7. Nxd4 O-O
8. Nc3 d6 9. O-O a6 10. Bc4 Nxd4 11. Qxd4 b5 12. Be2 Bb7 13. Rad1 Re8 14. a4
bxa4 15. f4 Nc6 16. Qxa4 Kg7 17. Bf3 Ne7 18. g4 Nc8 19. Qd4+ f6 20. g5 Rb8 21.
h4 c5 22. Qxf6+ Qxf6 23. gxf6+ Kxf6 24. e5+ dxe5 25. fxe5+ Kg7 26. Rd7+ Re7 27.
e6 Bxf3 28. Rxf3 Rxd7 29. exd7 Nb6 30. Rd3 Rd8 31. Rd6 Nc4 32. Rxa6 Rxd7 33.
Rc6 Ne5 34. Rxc5 Nf3+ 35. Kf2 0-1

[Event "Tradewise Gibraltar 2016 - Chalengers A"]
[Site "Gibraltar ENG"]
[Date "2016.01.27"]
[Round "3.27"]
[White "Gostelow, David W"]
[Black "Mircov, Nicola-Alexandru"]
[Result "0-1"]
[WhiteElo "2023"]
[BlackElo "1944"]
[PlyCount "76"]
[EventDate "2016.01.25"]
[EventType "swiss"]
[EventRounds "5"]
[EventCountry "ENG"]
[Source "lmi"]
[SourceDate "2016.01.25"]

1. d4 c5 2. c3 e6 3. Nf3 Nf6 4. Bf4 cxd4 5. cxd4 Qb6 6. Qc2 Nc6 7. e3 d6 8. Nc3
a6 9. Be2 Bd7 10. O-O Rc8 11. Rac1 Be7 12. Rfd1 O-O 13. e4 Na5 14. Nd2 Bb5 15.
Bxb5 axb5 16. e5 dxe5 17. dxe5 Ng4 18. Nde4 b4 19. Na4 Rxc2 20. Nxb6 Rxb2 21.
h3 f5 22. hxg4 fxe4 23. Be3 Rxa2 24. Nc8 Re8 25. Nxe7+ Rxe7 26. Bc5 Rc7 27.
Bxb4 Rxc1 28. Rxc1 Nc6 29. Bd6 Rb2 30. Rc4 Rb1+ 31. Kh2 Re1 32. Kg3 e3 33. fxe3
Rxe3+ 34. Kh4 Nxe5 35. Rc8+ Kf7 36. Rc7+ Kf6 37. Bxe5+ Rxe5 38. Rxb7 Re3 0-1

[Event "Tradewise Gibraltar 2016 - Chalengers A"]
[Site "Gibraltar ENG"]
[Date "2016.01.27"]
[Round "3.28"]
[White "Petersson, Baldur Teodor"]
[Black "Jimenez Ruiz, Jose Carlos"]
[Result "1-0"]
[WhiteElo "1980"]
[BlackElo "1925"]
[PlyCount "55"]
[EventDate "2016.01.25"]
[EventType "swiss"]
[EventRounds "5"]
[EventCountry "ENG"]
[Source "lmi"]
[SourceDate "2016.01.25"]

1. e4 d6 2. Nc3 Nf6 3. g3 c5 4. Bg2 Nc6 5. d3 g6 6. f4 Bg7 7. Nf3 O-O 8. O-O e6
9. h3 a6 10. g4 Qc7 11. f5 Nd7 12. g5 Rd8 13. f6 Bf8 14. b3 Nde5 15. Bf4 b5 16.
h4 Bb7 17. h5 c4 18. Rc1 Qb6+ 19. Kh1 Nxf3 20. Qxf3 Ne5 21. Qh3 Rac8 22. hxg6
hxg6 23. Bxe5 dxe5 24. Rf3 Bxe4 25. Nxe4 cxd3 26. Qh4 dxc2 27. Rh3 Rd1+ 28. Bf1
1-0

[Event "Tradewise Gibraltar 2016 - Chalengers A"]
[Site "Gibraltar ENG"]
[Date "2016.01.27"]
[Round "3.29"]
[White "Bryant, Richard B E"]
[Black "Boron, Anthony"]
[Result "1-0"]
[WhiteElo "1961"]
[BlackElo "1915"]
[PlyCount "109"]
[EventDate "2016.01.25"]
[EventType "swiss"]
[EventRounds "5"]
[EventCountry "ENG"]
[Source "lmi"]
[SourceDate "2016.01.25"]

1. e4 e6 2. d4 d5 3. Nc3 dxe4 4. Nxe4 Nd7 5. Nf3 Ngf6 6. Nxf6+ Nxf6 7. Bd3 c5
8. O-O cxd4 9. Nxd4 Be7 10. c3 O-O 11. Bf4 a6 12. Re1 Qb6 13. Qc2 g6 14. a4 Bd6
15. Bg5 Nd5 16. Nf3 Bf4 17. Rad1 Qc7 18. Be4 Bxg5 19. Nxg5 Qf4 20. Bxd5 Qxg5
21. Bf3 Rb8 22. Rd6 b6 23. Qd3 b5 24. axb5 Rxb5 25. b4 h5 26. Bc6 Re5 27. Rf1
Qf5 28. Qd2 Qg4 29. f3 Qc4 30. Be4 a5 31. Rd4 Qc7 32. f4 Rb5 33. Bd3 Rd5 34.
Rxd5 exd5 35. Rb1 axb4 36. cxb4 Re8 37. b5 Qb6+ 38. Qf2 Re3 39. Bf1 Bf5 40. Rb2
d4 41. h3 Be6 42. Kh2 Bd7 43. Ra2 Bc8 44. Ra8 Rc3 45. Qe2 Kg7 46. Qe5+ Qf6 47.
b6 Qxe5 48. fxe5 Bb7 49. Ra7 Bd5 50. Rd7 Bc6 51. Rc7 Kf8 52. b7 Bxb7 53. Rxb7
Re3 54. Bc4 d3 55. Rd7 1-0

[Event "Tradewise Gibraltar 2016 - Chalengers A"]
[Site "Gibraltar ENG"]
[Date "2016.01.27"]
[Round "3.30"]
[White "Lafortune, Emerick"]
[Black "Saber, Yasser"]
[Result "1-0"]
[WhiteElo "1923"]
[BlackElo "2230"]
[PlyCount "71"]
[EventDate "2016.01.25"]
[EventType "swiss"]
[EventRounds "5"]
[EventCountry "ENG"]
[Source "lmi"]
[SourceDate "2016.01.25"]

1. Nf3 g6 2. d4 Bg7 3. g3 f5 4. Bg2 d6 5. c4 Nf6 6. Nc3 O-O 7. O-O Nc6 8. d5
Ne5 9. Nxe5 dxe5 10. b4 e4 11. Bb2 e6 12. Qb3 exd5 13. cxd5 Qe8 14. Qc4 Qf7 15.
f3 Nxd5 16. Qxd5 Qxd5 17. Nxd5 Bxb2 18. Rab1 Bd4+ 19. Kh1 exf3 20. Bxf3 Rf7 21.
Rfd1 Be5 22. b5 Be6 23. a4 Rb8 24. Nf4 Bxf4 25. gxf4 Kf8 26. Rd3 Rd7 27. Rc1
Ke7 28. Re3 b6 29. Rc6 Rd6 30. Rxc7+ Kf6 31. Rxa7 h6 32. a5 bxa5 33. Rxa5 g5
34. fxg5+ hxg5 35. Rc3 g4 36. Bc6 1-0

[Event "Tradewise Gibraltar 2016 - Chalengers A"]
[Site "Gibraltar ENG"]
[Date "2016.01.27"]
[Round "3.31"]
[White "Brown, David"]
[Black "Slinger, Tony J"]
[Result "1/2-1/2"]
[WhiteElo "1982"]
[BlackElo "1915"]
[PlyCount "81"]
[EventDate "2016.01.25"]
[EventType "swiss"]
[EventRounds "5"]
[EventCountry "ENG"]
[Source "lmi"]
[SourceDate "2016.01.25"]

1. e4 c5 2. Nf3 d6 3. Nc3 Nc6 4. d4 cxd4 5. Nxd4 e5 6. Nb3 Be7 7. Nd5 Be6 8.
Be3 Nf6 9. f3 O-O 10. Qd2 Bxd5 11. exd5 Nb8 12. c4 b6 13. Bd3 Nbd7 14. Qf2 Re8
15. O-O a5 16. Nd2 Nc5 17. Bc2 Rb8 18. a4 Nh5 19. g3 Bg5 20. Rae1 Bxe3 21. Rxe3
Qd7 22. b3 f5 23. Re2 g6 24. Qg2 Re7 25. Rfe1 Rf7 26. Qh3 Rbf8 27. Qh4 Qd8 28.
Qxd8 Rxd8 29. Nb1 Ng7 30. Nc3 Ne8 31. Rb1 Na6 32. Na2 Nb4 33. Bd1 Ra7 34. Nxb4
axb4 35. h4 Nf6 36. Bc2 h5 37. Rbe1 Kg7 38. Rg2 Rh8 39. Bd3 Nd7 40. Bc2 Nc5 41.
Rge2 1/2-1/2

[Event "Tradewise Gibraltar 2016 - Chalengers A"]
[Site "Gibraltar ENG"]
[Date "2016.01.27"]
[Round "3.32"]
[White "Lochte, Szilvia"]
[Black "Marcos Herrero, Francisco"]
[Result "0-1"]
[WhiteElo "1913"]
[BlackElo "1982"]
[PlyCount "74"]
[EventDate "2016.01.25"]
[EventType "swiss"]
[EventRounds "5"]
[EventCountry "ENG"]
[Source "lmi"]
[SourceDate "2016.01.25"]

1. d4 Nf6 2. Nf3 c5 3. d5 b5 4. Bg5 Qa5+ 5. c3 d6 6. Qd3 c4 7. Qd4 Nbd7 8. Nbd2
g6 9. e4 Bg7 10. h3 Bb7 11. Qe3 O-O 12. Be2 e6 13. dxe6 fxe6 14. O-O Rae8 15.
a4 d5 16. axb5 Qxb5 17. e5 Ne4 18. Nxe4 dxe4 19. Nd2 Nxe5 20. Rxa7 Bd5 21.
Rxg7+ Kxg7 22. Bh6+ Kg8 23. Bxf8 Rxf8 24. Nxe4 Qxb2 25. Nd6 Nf7 26. Nxc4 Qb7
27. f3 Qc7 28. Nb6 Rb8 29. Nxd5 exd5 30. Ra1 Qg3 31. c4 Ng5 32. Kf1 Rf8 33.
cxd5 Nxh3 34. gxh3 Qxh3+ 35. Ke1 Qh1+ 36. Bf1 Rd8 37. Ra8 Rxa8 0-1

[Event "Tradewise Gibraltar 2016 - Chalengers A"]
[Site "Gibraltar ENG"]
[Date "2016.01.27"]
[Round "3.33"]
[White "Adebajo, Olufemi"]
[Black "Wright, Jonathan"]
[Result "1-0"]
[WhiteElo "1963"]
[BlackElo "1902"]
[PlyCount "69"]
[EventDate "2016.01.25"]
[EventType "swiss"]
[EventRounds "5"]
[EventCountry "ENG"]
[Source "lmi"]
[SourceDate "2016.01.25"]

1. e4 c5 2. Nc3 e6 3. g3 d5 4. Bg2 d4 5. Nce2 Nc6 6. f4 g6 7. d3 Bg7 8. Nf3
Nge7 9. O-O O-O 10. a3 Kh8 11. Bd2 b5 12. Qe1 Bb7 13. g4 f6 14. Qh4 Qd7 15.
Rae1 Rac8 16. Ng3 Nd8 17. g5 f5 18. exf5 Nxf5 19. Nxf5 exf5 20. Re2 Nf7 21.
Rfe1 Bxf3 22. Bxf3 Rfe8 23. Qf2 Nd6 24. h4 Rxe2 25. Rxe2 Qf7 26. Qe1 Re8 27.
Bc6 Rxe2 28. Qxe2 Kg8 29. Qf3 Kf8 30. Bd5 Qe7 31. h5 Qd7 32. h6 Bh8 33. Bc6 Qf7
34. b3 Qc7 35. Qd5 1-0

[Event "Tradewise Gibraltar 2016 - Chalengers A"]
[Site "Gibraltar ENG"]
[Date "2016.01.27"]
[Round "3.34"]
[White "Downey, Keith"]
[Black "George, Lolomari Erekosima"]
[Result "0-1"]
[WhiteElo "1838"]
[BlackElo "1937"]
[PlyCount "94"]
[EventDate "2016.01.25"]
[EventType "swiss"]
[EventRounds "5"]
[EventCountry "ENG"]
[Source "lmi"]
[SourceDate "2016.01.25"]

1. c4 g6 2. Nc3 Bg7 3. Nf3 Nf6 4. d4 O-O 5. Bg5 h6 6. Bh4 c5 7. e3 Qa5 8. Qd2
g5 9. Bg3 d6 10. Be2 Nh5 11. Nd5 Qd8 12. dxc5 Nxg3 13. hxg3 dxc5 14. Rd1 e6 15.
Nc3 Qxd2+ 16. Kxd2 Nc6 17. a3 b6 18. Kc2 Ba6 19. Rd6 Ne5 20. Nxe5 Bxe5 21. Rd2
Kg7 22. f4 Bxc3 23. Kxc3 Bb7 24. Bf3 Bxf3 25. gxf3 gxf4 26. exf4 Rad8 27. Rhd1
Rxd2 28. Rxd2 Kf6 29. Rh2 Rh8 30. b4 Kg6 31. bxc5 bxc5 32. Re2 h5 33. Re5 h4
34. Rg5+ Kf6 35. gxh4 Rxh4 36. Rxc5 Rxf4 37. Kb4 Rxf3 38. Rc7 e5 39. c5 e4 40.
Rd7 e3 41. Rd1 e2 42. Re1 Re3 43. Kb5 Ke7 44. a4 Kd7 45. a5 f5 46. Kc4 f4 47.
Kd4 Kc6 0-1

[Event "Tradewise Gibraltar 2016 - Chalengers A"]
[Site "Gibraltar ENG"]
[Date "2016.01.28"]
[Round "4.1"]
[White "Menna Barreto, Felipe Kubiaki"]
[Black "Paronen, Petteri"]
[Result "1/2-1/2"]
[WhiteElo "2247"]
[BlackElo "2122"]
[PlyCount "34"]
[EventDate "2016.01.25"]
[EventType "swiss"]
[EventRounds "5"]
[EventCountry "ENG"]
[Source "lmi"]
[SourceDate "2016.01.25"]

1. Nf3 d6 2. d4 Bg4 3. e4 Nf6 4. Nc3 e6 5. Be2 Be7 6. Be3 d5 7. h3 Bh5 8. exd5
exd5 9. g4 Bg6 10. Ne5 Ne4 11. Nxe4 Bxe4 12. f3 Bh4+ 13. Kf1 Bg6 14. Qd2 Nd7
15. Nxg6 hxg6 16. Kg2 Qe7 17. Bf4 O-O-O 1/2-1/2

[Event "Tradewise Gibraltar 2016 - Chalengers A"]
[Site "Gibraltar ENG"]
[Date "2016.01.28"]
[Round "4.2"]
[White "Hamer, Martyn"]
[Black "Longa Yauca, Javier"]
[Result "0-1"]
[WhiteElo "2058"]
[BlackElo "2234"]
[PlyCount "96"]
[EventDate "2016.01.25"]
[EventType "swiss"]
[EventRounds "5"]
[EventCountry "ENG"]
[Source "lmi"]
[SourceDate "2016.01.25"]

1. e4 Nf6 2. e5 Nd5 3. d4 d6 4. Nf3 Bg4 5. Be2 e6 6. O-O Be7 7. c4 Nb6 8. Nc3
O-O 9. exd6 cxd6 10. Be3 N8d7 11. b3 Nf6 12. a4 a5 13. Ne1 Bxe2 14. Qxe2 d5 15.
c5 Nbd7 16. Bf4 Nb8 17. Nb5 Nc6 18. Nd3 Ne8 19. Ne5 Ra6 20. Rac1 Bf6 21. Rfd1
Be7 22. Rd3 Bg5 23. Qe3 Bxf4 24. Qxf4 f6 25. Ng4 e5 26. dxe5 fxe5 27. Qg3 Qg5
28. Ne3 Qxg3 29. hxg3 d4 30. Nd5 Ra8 31. f3 Rd8 32. Nb6 Rf7 33. Re1 Kf8 34. Nc4
Re7 35. Nbd6 Nf6 36. Nf5 Re6 37. Nfd6 Rb8 38. Nb6 Re7 39. Rd2 Rd8 40. Kf1 Nd7
41. Nxd7+ Rexd7 42. Ne4 h6 43. Rc1 Nb4 44. Rdd1 Ke7 45. Ke2 Rd5 46. Rc4 Ke6 47.
Rdc1 Na2 48. R1c2 d3+ 0-1

[Event "Tradewise Gibraltar 2016 - Chalengers A"]
[Site "Gibraltar ENG"]
[Date "2016.01.28"]
[Round "4.3"]
[White "Burrows, Martin P"]
[Black "Campbell, Charles"]
[Result "1/2-1/2"]
[WhiteElo "2115"]
[BlackElo "2157"]
[PlyCount "113"]
[EventDate "2016.01.25"]
[EventType "swiss"]
[EventRounds "5"]
[EventCountry "ENG"]
[Source "lmi"]
[SourceDate "2016.01.25"]

1. e4 c6 2. d4 d5 3. e5 Bf5 4. Nf3 e6 5. Be2 Ne7 6. O-O c5 7. dxc5 Nec6 8. Be3
Nd7 9. c4 dxc4 10. Na3 Bxc5 11. Bxc5 Nxc5 12. Nxc4 O-O 13. Qc1 Nd3 14. Bxd3
Qxd3 15. Rd1 Qc2 16. Rd7 b6 17. Nd6 Nb8 18. Qxc2 Bxc2 19. Rb7 Bd3 20. b4 Nc6
21. a3 Be2 22. Re1 Bxf3 23. gxf3 Nd4 24. Kg2 f6 25. Rc1 fxe5 26. Rcc7 Rf6 27.
Rxg7+ Kf8 28. Rxh7 Rg6+ 29. Kf1 Kg8 30. Rxa7 Rf8 31. Rhf7 Rxf7 32. Nxf7 Nxf3
33. Ke2 Rf6 34. Nd6 Nxh2 35. Nc4 Ng4 36. f3 Rf4 37. Nxb6 Nh2 38. Nd7 Nxf3 39.
Nc5 Nd4+ 40. Kd3 Nb5 41. Ra8+ Kf7 42. Ke3 Nxa3 43. Ra7+ Ke8 44. Rxa3 Rxb4 45.
Ra7 Rc4 46. Nxe6 Re4+ 47. Kd3 Rh4 48. Nc5 Rd4+ 49. Ke3 Rh4 50. Ne4 Rh3+ 51. Kf2
Rb3 52. Nf6+ Kd8 53. Ng4 e4 54. Nf6 Rf3+ 55. Ke2 Rxf6 56. Ke3 Re6 57. Ra4
1/2-1/2

[Event "Tradewise Gibraltar 2016 - Chalengers A"]
[Site "Gibraltar ENG"]
[Date "2016.01.28"]
[Round "4.4"]
[White "Severijnen, Arjon"]
[Black "Kandic, Milan"]
[Result "1-0"]
[WhiteElo "2151"]
[BlackElo "2109"]
[PlyCount "61"]
[EventDate "2016.01.25"]
[EventType "swiss"]
[EventRounds "5"]
[EventCountry "ENG"]
[Source "lmi"]
[SourceDate "2016.01.25"]

1. e4 d6 2. d4 Nf6 3. Nc3 e5 4. Nf3 Nbd7 5. Bc4 Be7 6. O-O O-O 7. Re1 c6 8. a4
a5 9. h3 exd4 10. Nxd4 Nb6 11. Bd3 d5 12. e5 Nfd7 13. Nf5 Nc5 14. Qg4 g6 15.
Nxe7+ Qxe7 16. Qg3 Nxd3 17. cxd3 f5 18. d4 Be6 19. b3 Qf7 20. Ne2 Nd7 21. Ba3
Rfe8 22. Rec1 Kh8 23. Rc3 Rg8 24. h4 Rac8 25. Rac1 h6 26. Qh2 Kh7 27. Nf4 Rg7
28. R1c2 Rcg8 29. Nh3 Rc8 30. Bc1 Qe7 31. Qf4 1-0

[Event "Tradewise Gibraltar 2016 - Chalengers A"]
[Site "Gibraltar ENG"]
[Date "2016.01.28"]
[Round "4.5"]
[White "Omoifo, Osemekhian I"]
[Black "Osuna Vega, Enrique"]
[Result "1-0"]
[WhiteElo "2106"]
[BlackElo "2127"]
[PlyCount "103"]
[EventDate "2016.01.25"]
[EventType "swiss"]
[EventRounds "5"]
[EventCountry "ENG"]
[Source "lmi"]
[SourceDate "2016.01.25"]

1. Nf3 Nf6 2. b3 b6 3. Bb2 Bb7 4. c4 e6 5. g3 Be7 6. Bg2 O-O 7. O-O c5 8. Nc3
d6 9. d4 Ne4 10. Qc2 Nxc3 11. Bxc3 Qc8 12. dxc5 dxc5 13. Rad1 Nd7 14. Rd2 Rd8
15. Rfd1 Qc7 16. Qb2 Bf6 17. Bxf6 Nxf6 18. Qe5 Rxd2 19. Rxd2 Qe7 20. Qd6 Qxd6
21. Rxd6 Bxf3 22. Bxf3 Rb8 23. Kf1 Kf8 24. Ke1 Ke7 25. Rd2 Rd8 26. h3 Rxd2 27.
Kxd2 Kd6 28. Bg2 g5 29. e3 h6 30. a3 a5 31. Kd3 Nd7 32. f4 f6 33. Bf3 Nf8 34.
Bh5 Nd7 35. Be8 Nf8 36. Ke4 Ke7 37. Bh5 f5+ 38. Kd3 Nd7 39. Bf3 e5 40. Bc6 Nf6
41. fxe5 Nd7 42. Bxd7 Kxd7 43. e4 Ke6 44. exf5+ Kxe5 45. f6 Kxf6 46. Ke4 h5 47.
g4 hxg4 48. hxg4 a4 49. bxa4 Ke6 50. a5 Kd6 51. axb6 Kc6 52. Kf5 1-0

[Event "Tradewise Gibraltar 2016 - Chalengers A"]
[Site "Gibraltar ENG"]
[Date "2016.01.28"]
[Round "4.6"]
[White "Dolzhikova, Olga"]
[Black "Burrows, Zachary"]
[Result "1-0"]
[WhiteElo "2126"]
[BlackElo "2074"]
[PlyCount "67"]
[EventDate "2016.01.25"]
[EventType "swiss"]
[EventRounds "5"]
[EventCountry "ENG"]
[Source "lmi"]
[SourceDate "2016.01.25"]

1. e4 Nc6 2. d4 d5 3. exd5 Qxd5 4. Nf3 Bf5 5. Nc3 Qa5 6. Bb5 e6 7. Ne5 Bb4 8.
Bxc6+ bxc6 9. Bd2 Ne7 10. Nc4 Qa6 11. b3 O-O 12. Na4 Bd6 13. O-O Rad8 14. Re1
Nd5 15. Nxd6 cxd6 16. c4 Nf6 17. Bg5 Qb7 18. Qf3 Rfe8 19. h3 Qe7 20. Qxc6 h6
21. Bxf6 Qxf6 22. Rad1 Qg5 23. Qf3 Bg6 24. Qg3 Qa5 25. Nc3 Bc2 26. Rc1 Bg6 27.
Re2 Qb4 28. Nb5 Qa5 29. Qf4 Bd3 30. Qd2 Qxd2 31. Rxd2 Be4 32. Nxa7 Bb7 33. Nb5
Re7 34. a4 1-0

[Event "Tradewise Gibraltar 2016 - Chalengers A"]
[Site "Gibraltar ENG"]
[Date "2016.01.28"]
[Round "4.7"]
[White "House, Glenn L"]
[Black "Pabalan, Rocky"]
[Result "0-1"]
[WhiteElo "2226"]
[BlackElo "2089"]
[PlyCount "81"]
[EventDate "2016.01.25"]
[EventType "swiss"]
[EventRounds "5"]
[EventCountry "ENG"]
[Source "lmi"]
[SourceDate "2016.01.25"]

1. e4 c5 2. Nc3 g6 3. g3 Bg7 4. Bg2 Nc6 5. d3 d6 6. f4 Nf6 7. Nf3 Bg4 8. Be3
O-O 9. h3 Bxf3 10. Qxf3 Rb8 11. O-O Nd7 12. Qf2 Nd4 13. Qd2 b5 14. Nd1 b4 15.
c3 bxc3 16. bxc3 Qa5 17. Rc1 Nb5 18. Kh1 Rb6 19. Rf2 Rfb8 20. Bf1 Qa3 21. Rc2
e6 22. g4 d5 23. exd5 exd5 24. d4 c4 25. f5 Nf6 26. Bg2 Nd6 27. fxg6 hxg6 28.
Rxf6 Bxf6 29. Bxd5 Qa5 30. Bf3 Re8 31. Bf4 Ne4 32. Qg2 Rb1 33. Kh2 Ng5 34. Re2
Nxf3+ 35. Qxf3 Rxe2+ 36. Qxe2 Qd5 37. Nf2 g5 38. Ne4 Bd8 39. Be5 Qb7 40. Kg3
Be7 41. Qd2 0-1

[Event "Tradewise Gibraltar 2016 - Chalengers A"]
[Site "Gibraltar ENG"]
[Date "2016.01.28"]
[Round "4.8"]
[White "Walton, Alan J"]
[Black "Mohorea, Vasile"]
[Result "1-0"]
[WhiteElo "2206"]
[BlackElo "2087"]
[PlyCount "101"]
[EventDate "2016.01.25"]
[EventType "swiss"]
[EventRounds "5"]
[EventCountry "ENG"]
[Source "lmi"]
[SourceDate "2016.01.25"]

1. d4 d6 2. e4 g6 3. Nc3 Bg7 4. Be3 Nd7 5. Nf3 e5 6. Bc4 h6 7. O-O Ne7 8. Qd2
c6 9. a4 Qc7 10. Rad1 a6 11. h3 Nf8 12. dxe5 dxe5 13. Bc5 f6 14. Qe3 Nd7 15.
Bxe7 Kxe7 16. Nh4 Nf8 17. Qc5+ Ke8 18. Nd5 Qd8 19. Nb6 Nd7 20. Qd6 Qxb6 21.
Nxg6 Qc5 22. Qe6+ Kd8 23. Rxd7+ Bxd7 24. Rd1 Kc7 25. Rxd7+ Kb6 26. Nxh8 Bxh8
27. Bd3 Qb4 28. Qe7 Qxe7 29. Rxe7 Rb8 30. Rh7 Ka5 31. b3 b5 32. axb5 cxb5 33.
c4 Rd8 34. cxb5 axb5 35. Be2 Rb8 36. Kh2 Kb4 37. g4 Kxb3 38. Bxb5 Kc3 39. Kg3
Kd4 40. Bc6 Kc5 41. Bd5 Rc8 42. Rxh6 Kd4 43. Rh7 Kd3 44. h4 Ke2 45. g5 fxg5 46.
hxg5 Rf8 47. Bc4+ Ke1 48. Bf7 Ke2 49. Bc4+ Ke1 50. g6 Rc8 51. Rxh8 1-0

[Event "Tradewise Gibraltar 2016 - Chalengers A"]
[Site "Gibraltar ENG"]
[Date "2016.01.28"]
[Round "4.9"]
[White "Bendayan Claros, Aaron"]
[Black "Erdelyi, Tamas Dr"]
[Result "0-1"]
[WhiteElo "2204"]
[BlackElo "2082"]
[PlyCount "92"]
[EventDate "2016.01.25"]
[EventType "swiss"]
[EventRounds "5"]
[EventCountry "ENG"]
[Source "lmi"]
[SourceDate "2016.01.25"]

1. d4 Nf6 2. c4 c5 3. d5 b5 4. cxb5 a6 5. bxa6 g6 6. Nc3 Bg7 7. Nf3 O-O 8. g3
d6 9. Bg2 Nfd7 10. O-O Nb6 11. Nd2 Nxa6 12. a3 Bb7 13. e4 Nb8 14. Qc2 Ba6 15.
Rd1 Qc7 16. Rb1 N8d7 17. Nf3 Rfc8 18. b3 Ne5 19. Nxe5 Bxe5 20. Bb2 Nd7 21. a4
Qb6 22. Ba3 Qa5 23. Na2 Rab8 24. Nc1 Nb6 25. Bh3 Rf8 26. Nd3 Bxd3 27. Qxd3 c4
28. bxc4 Nxa4 29. f4 Bf6 30. e5 dxe5 31. fxe5 Bxe5 32. Re1 Rxb1 33. Qxb1 Rb8
34. Qe4 Bd6 35. Bc1 Nc5 36. Qe2 Nd3 37. Rf1 Qc5+ 38. Be3 Qxc4 39. Rd1 Ne5 40.
Qf2 Rb3 41. Ba7 Qb4 42. Kh1 Rb2 43. Qe3 Qa4 44. Rc1 Qa2 45. Bf1 Qxd5+ 46. Kg1
Nf3+ 0-1

[Event "Tradewise Gibraltar 2016 - Chalengers A"]
[Site "Gibraltar ENG"]
[Date "2016.01.28"]
[Round "4.10"]
[White "Gaerths, Ronny"]
[Black "Schouten, Freek"]
[Result "1/2-1/2"]
[WhiteElo "2192"]
[BlackElo "2053"]
[PlyCount "231"]
[EventDate "2016.01.25"]
[EventType "swiss"]
[EventRounds "5"]
[EventCountry "ENG"]
[Source "lmi"]
[SourceDate "2016.01.25"]

1. c4 c6 2. Nf3 d5 3. e3 Nf6 4. Nc3 e6 5. b3 Bd6 6. Bb2 O-O 7. Qc2 Nbd7 8. Be2
Re8 9. O-O a6 10. d4 Qe7 11. Rad1 dxc4 12. Bxc4 b5 13. Bd3 Bb7 14. e4 e5 15.
Ne2 Rac8 16. dxe5 Nxe5 17. Nxe5 Bxe5 18. Bxe5 Qxe5 19. f4 Qe7 20. e5 Nd5 21.
Bxh7+ Kf8 22. Rf3 Rcd8 23. Rh3 Nb4 24. Qb1 Rxd1+ 25. Qxd1 Rd8 26. Qc1 Bc8 27.
Rg3 Qa7+ 28. Qe3 Qxe3+ 29. Rxe3 g6 30. e6 Re8 31. f5 Kg7 32. f6+ Kxf6 33. exf7
Rf8 34. Re8 Rxf7 35. Rxc8 Rxh7 36. a3 Nd3 37. Rxc6+ Kg5 38. Rd6 Re7 39. Rd5+
Re5 40. Rxd3 Rxe2 41. Rd6 Re3 42. Rxa6 Rxb3 43. h3 Kh5 44. Kh2 Kg5 45. Ra5 Kf4
46. Ra8 b4 47. a4 Ra3 48. a5 b3 49. Rf8+ Kg5 50. Rb8 Rxa5 51. Rxb3 Rc5 52. Kg3
Ra5 53. Rc3 Rb5 54. Kf3 Ra5 55. Rd3 Rb5 56. g3 Ra5 57. Ke4 Ra4+ 58. Rd4 Ra3 59.
Rd5+ Kf6 60. Rd6+ Kg5 61. h4+ Kh5 62. Rd5+ Kh6 63. Kf4 Ra4+ 64. Kf3 Ra3+ 65.
Kg4 Ra4+ 66. Kh3 Ra3 67. Rb5 Rc3 68. Rb6 Ra3 69. Rb4 Kh5 70. Rb5+ Kh6 71. Rg5
Rb3 72. Ra5 Rc3 73. Ra4 Kh5 74. Ra8 Kh6 75. Rf8 Ra3 76. Kg4 Ra4+ 77. Rf4 Ra6
78. Rc4 Rb6 79. Kf4 Ra6 80. g4 Rb6 81. Ke5 Ra6 82. Rd4 Ra5+ 83. Rd5 Ra4 84. Rd4
Ra5+ 85. Ke4 Ra7 86. Ke5 Ra5+ 87. Ke6 Ra6+ 88. Ke7 Ra7+ 89. Kf6 Ra6+ 90. Ke5
Ra5+ 91. Kf4 Ra7 92. Re4 Ra5 93. Re7 Ra4+ 94. Kf3 Ra3+ 95. Ke2 Ra2+ 96. Kd3
Ra3+ 97. Kc2 Ra4 98. g5+ Kh5 99. Rh7+ Kg4 100. Rh6 Kf5 101. Kb3 Re4 102. Kc3
Ra4 103. Kd3 Rb4 104. Ke3 Ra4 105. Rh8 Ra3+ 106. Kd4 Ra4+ 107. Kd5 Ra5+ 108.
Kd6 Ra6+ 109. Ke7 Ra7+ 110. Kf8 Rb7 111. Rh6 Rb8+ 112. Ke7 Rb7+ 113. Kd6 Rb6+
114. Kc5 Rb1 115. Kd4 Rb4+ 116. Kd3 1/2-1/2

[Event "Tradewise Gibraltar 2016 - Chalengers A"]
[Site "Gibraltar ENG"]
[Date "2016.01.28"]
[Round "4.11"]
[White "Ajele, Rotimi"]
[Black "Odeh, Kenneth"]
[Result "0-1"]
[WhiteElo "2163"]
[BlackElo "2014"]
[PlyCount "116"]
[EventDate "2016.01.25"]
[EventType "swiss"]
[EventRounds "5"]
[EventCountry "ENG"]
[Source "lmi"]
[SourceDate "2016.01.25"]

1. d4 Nf6 2. c4 g6 3. Nc3 d5 4. Nf3 Bg7 5. g3 c6 6. cxd5 cxd5 7. Bg2 O-O 8. O-O
Nc6 9. Ne5 Na5 10. b4 Nc6 11. Nxc6 bxc6 12. Na4 a5 13. Ba3 Ba6 14. Nc5 axb4 15.
Bxb4 Bc4 16. a4 Nd7 17. Re1 Nxc5 18. Bxc5 Re8 19. e4 dxe4 20. Bxe4 Bd5 21. Bd3
e5 22. dxe5 Rxe5 23. Rxe5 Bxe5 24. Rb1 Qa5 25. Qe1 Bc3 26. Qe3 Bd2 27. Qd4 Bc3
28. Qe3 Bd2 29. Qe7 Bc3 30. Rb7 Bf6 31. Qxf6 Qxc5 32. Bf1 Qc2 33. Rb2 Qe4 34.
f3 Qxf3 35. Qxf3 Bxf3 36. Ra2 Ra5 37. Kf2 Bd1 38. Bg2 Bxa4 39. Ke3 Re5+ 40. Kd4
Rg5 41. Bf3 Bb5 42. Rc2 Rf5 43. Be4 Rf1 44. Kc5 Kg7 45. Bxc6 Bxc6 46. Kxc6 Rd1
47. Kc5 f5 48. Kc4 Kf6 49. h4 h6 50. Re2 g5 51. hxg5+ Kxg5 52. Rf2 h5 53. Kc3
Rg1 54. Rf3 Rd1 55. Kc2 Rd5 56. Kc3 Rd8 57. Re3 Kg4 58. Kc2 h4 0-1

[Event "Tradewise Gibraltar 2016 - Chalengers A"]
[Site "Gibraltar ENG"]
[Date "2016.01.28"]
[Round "4.12"]
[White "Boado Rodriguez, Martin"]
[Black "Eagleton, Greg T"]
[Result "1-0"]
[WhiteElo "2121"]
[BlackElo "1981"]
[PlyCount "73"]
[EventDate "2016.01.25"]
[EventType "swiss"]
[EventRounds "5"]
[EventCountry "ENG"]
[Source "lmi"]
[SourceDate "2016.01.25"]

1. e4 c5 2. g3 Nc6 3. Bg2 d6 4. c3 Nf6 5. d4 cxd4 6. cxd4 e6 7. Nc3 Be7 8. Nge2
O-O 9. O-O a6 10. Bf4 Qb6 11. d5 Ne5 12. Be3 Qa5 13. Qb3 b5 14. Nd4 b4 15. f4
Neg4 16. Nc6 Qc7 17. Na4 Nxe3 18. Qxe3 exd5 19. exd5 Re8 20. Rae1 Bb7 21. Nb6
Bxc6 22. dxc6 Rab8 23. Nd5 Nxd5 24. Bxd5 h6 25. Re2 Bf6 26. Qxe8+ Rxe8 27.
Rxe8+ Kh7 28. b3 Qa5 29. Rd1 Bd4+ 30. Rxd4 Qc5 31. Ree4 f5 32. Kg2 fxe4 33.
Bxe4+ Kg8 34. Rc4 Qe3 35. Bf3 Qe8 36. c7 Qc8 37. Bg4 1-0